000 01164nam a22003017a 4500
005 20100531104929.0
008 100531t xxu||||| |||| 00| 0 eng d
010 _aENG-96204
020 _a9788121512145
_c2295.00
035 _aEN-79737
037 _bDBAD/PUB
040 _aDPL
_bEng
082 _a578.730954
100 _aAsouti, Eleni
245 _aTrees and woodlands of South India :
_barchaeological perspectives /
_cby Eleni Asouti [and] Dorian Q. Fuller
260 _aNew Delhi
_bMunshiram Manoharlal Publishers
_c2010
270 _aPO Box 5715.54 Rani Jhansi Road,
_bNew Delhi
_e110055
300 _a342p.:
_c29 cm (Hb)
_bill., maps
500 _a Includes bibliographical references (p. 293-307) and indexes.
650 _a Forest plants
_zIndia.
650 _a Plant remains (Archaeology)
_zIndia.
650 _a Landscape archaeology
_zIndia.
650 _aForest archaeology
_zIndia.
651 _a India
_xAntiquities.
700 _aFuller, Dorian.Q
942 _2ddc
_cEN
_mASO
_h578.730954
999 _c36408
_d36408